| 000 | 00925nam a22003257a 4500 | ||
|---|---|---|---|
| 005 | 20180918095022.0 | ||
| 008 | 180918b xxu||||| |||| 00| 0 spa d | ||
| 020 | _a9786071714756 | ||
| 041 | _aspa | ||
| 082 | _a1.10.14 A173m2 | ||
| 100 |
_aAcerenza, Miguel _949736 |
||
| 245 | _aMarketing operacional de destinos turísticos | ||
| 250 | _a2 edición | ||
| 260 | _aMéxico | ||
| 260 | _bTrillas | ||
| 260 | _c2013 | ||
| 300 | _a93 páginas | ||
| 650 |
_aMERCADEO TURÍSTICO _91910 |
||
| 650 |
_aDESTINOS TURÍSTICOS _91083 |
||
| 650 |
_aMARKETING TURÍSTICO _91088 |
||
| 650 |
_aDEMANDA TURÍSTICA _91915 |
||
| 650 |
_aVIAJES _96013 |
||
| 650 |
_aPLAN DE MARKETING _910008 |
||
| 650 |
_aELABORACIÓN DEL PLAN _949737 |
||
| 650 |
_aESTRATEGIA DE MARKETING _9955 |
||
| 650 |
_aMERCADOS PRIORITARIOS _949738 |
||
| 650 |
_aCONTROL DEL PLAN _949739 |
||
| 650 |
_aEVALUACIÓN DEL PLAN _949740 |
||
| 942 | _cBK | ||
| 999 |
_c11120 _d11120 |
||